000 00680cab a2200229 4500
001 X3750
008 090401t1996 xxu||||| |||| 00| 0 eng d
035 _a(Sirsi) u32521
041 _aeng
245 _aPilot scheme for `one-stop shops`
260 _c1996
350 _a0
490 _aCSM (Chartered Surveyor Monthly)
_v5(11) September 1996, 6(1)
520 _aFour local authorities are piloting a one-stop shop approach to development approvals.
650 _aDEVELOPMENT APPROVALS
650 _aLOCAL PLANNING AUTHORITIES
650 _aONE-STOP SHOPS
650 _aPLANNING APPROVALS
690 _aPLANNING LAW AND PRACTICE
942 _n0
948 _c04/03/1997
999 _c21768
_d21768